| 000 | 00497nam a2200181 i 4500 | ||
|---|---|---|---|
| 001 | bgj | ||
| 245 | 0 | 0 |
_aTesty gramatyczne dla gimnazjalistów / _cPearson Education. |
| 260 |
_aWarszawa : _bLongman, _c2001. |
||
| 300 |
_a39 pp ; _c30 cm. |
||
| 650 | 9 |
_aEnglish language _xExaminations, questions, etc. |
|
| 710 | p | 0 | _aPEARSON EDUCATION POLAND |
| 020 | _a8388291203 | ||
| 040 | _cBPK | ||
| 041 | 0 | _aeng | |
| 920 | _a83-88291-20-3 | ||
| 942 | _cKS | ||
| 008 | s uk f |000 0 eng | ||
| 999 |
_c48736 _d48736 |
||
| 856 |
_uhttp://koha.tu.koszalin.pl/cgi-bin/koha/opac-detail.pl?biblionumber=48736 _yKatalog online BPK |
||